[Event "4NCL Online Division 4"]
[Site "online"]
[Date "2021.10.05"]
[EventDate "2021.10.05"]
[Round "4.81"]
[White "Soulier, Alfred"]
[WhiteElo "1698"]
[WhiteTeam "KCS U13A"]
[Black "Sagade, Nivedita"]
[BlackElo "1606"]
[BlackTeam "Uxbridge Cyclones"]
[Result "1/2-1/2"]
[PlyCount "137"]

1. d4 Nf6 2. Nc3 g6 3. e4 d6 4. f4 Bg7 5. Nf3 O-O 6. Bd3 Nc6 7. e5 Nd7 8. O-O Nb4 9. Bc4 Nb6 10. Bb3 d5 11. a3 Nc6 12. Qe2 e6 13. Be3 Ne7 14. Rfd1 Nf5 15. Bf2 Bh6 16. g4 Ne7 17. Be3 Nd7 18. h4 b6 19. g5 Bg7 20. Qf2 Nf5 21. Kg2 Bb7 22. Rh1 Re8 23. h5 c5 24. hxg6 hxg6 25. Rh3 Rc8 26. Rah1 Kf8 27. Kg1 Ke7 28. Nh4 Nxh4 29. Rxh4 a6 30. Rh7 Rg8 31. Qh4 Nf8 32. Rxg7 Rxg7 33. Qh8 Rh7 34. Rxh7 Nxh7 35. Qxh7 c4 36. Ba2 Qh8 37. Qxh8 Rxh8 38. Na4 b5 39. Nc5 Bc8 40. Kg2 Rh7 41. b3 Rh4 42. bxc4 dxc4 43. c3 Kd8 44. Bb1 Kc7 45. Be4 Kb6 46. Kg3 Rh8 47. a4 Ka5 48. axb5 axb5 49. Nb7+ Bxb7 50. Bxb7 Rd8 51. Bd2 Ka4 52. Bf3 Kb3 53. Bd1+ Kb2 54. Kf2 b4 55. cxb4 c3 56. Be3 c2 57. Bxc2 Kxc2 58. Ke2 Kc3 59. b5 Kc4 60. b6 Rb8 61. Kf3 Kd5 62. Bf2 Rxb6 63. Be3 Rb2 64. Bg1 Rb3+ 65. Be3 Rb1 66. Bf2 Rb3+ 67. Be3 Rb1 68. Bf2 Rb3+ 69. Be3 1/2-1/2

[Event "4NCL Online Division 4"]
[Site "online"]
[Date "2021.10.05"]
[EventDate "2021.10.05"]
[Round "4.82"]
[White "Foster, Brian E"]
[WhiteElo "1574"]
[WhiteTeam "Uxbridge Cyclones"]
[Black "Kumar, Sanjit S"]
[BlackElo "1677"]
[BlackTeam "KCS U13A"]
[Result "1-0"]
[PlyCount "47"]

1. d4 e6 2. Bf4 b6 3. e3 Bb7 4. Bd3 f5 5. Nf3 Nf6 6. c3 Be7 7. Nbd2 d6 8. Ng5 Qd7 9. O-O e5 10. Bg3 Qc6 11. f3 Nd5 12. Qe2 Bxg5 13. Bb5 Qxb5 14. Qxb5+ c6 15. Qe2 Bxe3+ 16. Bf2 f4 17. Ne4 Ke7 18. dxe5 dxe5 19. Rfe1 Nd7 20. Bxe3 Nxe3 21. Qd3 Rhd8 22. Qd6+ Ke8 23. Qe6+ Kf8 24. Nd6 1-0

[Event "4NCL Online Division 4"]
[Site "online"]
[Date "2021.10.05"]
[EventDate "2021.10.05"]
[Round "4.83"]
[White "Patel, Zain"]
[WhiteElo "1571"]
[WhiteTeam "KCS U13A"]
[Black "Nandi, Asoke K"]
[BlackElo "1407"]
[BlackTeam "Uxbridge Cyclones"]
[Result "1-0"]
[PlyCount "57"]

1. d4 d5 2. c4 e6 3. Nc3 Nf6 4. cxd5 exd5 5. Bg5 Nbd7 6. e3 Be7 7. Bd3 O-O 8. Qc2 a6 9. Nge2 b5 10. a3 Bb7 11. O-O c5 12. Ng3 cxd4 13. exd4 Rc8 14. Rfe1 Re8 15. Re2 Ne4 16. Bxe7 Rxe7 17. Ngxe4 dxe4 18. Bxe4 Bxe4 19. Rxe4 Nf6 20. Rxe7 Qxe7 21. Rc1 g6 22. Nd5 Nxd5 23. Qxc8+ Kg7 24. Qxa6 Nf4 25. Rf1 Qg5 26. Qc6 Ne2+ 27. Kh1 Nxd4 28. Qc3 Qf6 29. Rd1 1-0

[Event "4NCL Online Division 4"]
[Site "online"]
[Date "2021.10.05"]
[EventDate "2021.10.05"]
[Round "4.84"]
[White "Gauri, Dhairye"]
[WhiteElo "1347"]
[WhiteTeam "Uxbridge Cyclones"]
[Black "Kucukyildiz, Alp Tugrul"]
[BlackElo "1441"]
[BlackTeam "KCS U13A"]
[Result "1-0"]
[PlyCount "83"]

1. e4 e5 2. Nf3 Nf6 3. Nxe5 d6 4. Nf3 Nxe4 5. Bc4 d5 6. Bb3 Bc5 7. d3 Nxf2 8. Qe2+ Qe7 9. Qxe7+ Kxe7 10. Rf1 Ng4 11. Bxd5 c6 12. Bb3 Re8 13. Nbd2 Kf8+ 14. Ne4 f5 15. Ng5 Bf2+ 16. Kd2 fxe4 17. Nxh7+ Ke7 18. dxe4 Rd8+ 19. Ke2 b6 20. Bg5+ Nf6 21. Rxf2 Bg4+ 22. Ke3 Ke8 23. Bxf6 gxf6 24. Nxf6+ Ke7 25. Nxg4 Na6 26. Rf7+ Kd6 27. Rd1+ Kc5 28. Rf5+ Rd5 29. exd5 Re8+ 30. Kf4 b5 31. dxc6+ Kb6 32. c7 Nc5 33. Rd6+ Kxc7 34. Rg6 Re4+ 35. Kf3 Rd4 36. Rxc5+ Kd7 37. Ne5+ Kd8 38. Nc6+ Kd7 39. Nxd4 b4 40. Ba4+ Kd8 41. Rg7 a6 42. Ne6# 1-0

[Event "4NCL Online Division 4"]
[Site "online"]
[Date "2021.10.05"]
[EventDate "2021.10.05"]
[Round "4.91"]
[White "Smith, Andrew R"]
[WhiteElo "1692"]
[WhiteTeam "Morriston Benko"]
[Black "New, David"]
[BlackElo "1193"]
[BlackTeam "Phones Pals B"]
[Result "1-0"]
[PlyCount "63"]

1. e4 c5 2. Nf3 d6 3. Bc4 Nf6 4. Nc3 Nc6 5. d3 e6 6. O-O Be7 7. Bg5 O-O 8. h3 Na5 9. Bb3 a6 10. Re1 Qc7 11. e5 dxe5 12. Nxe5 b5 13. Qf3 Bb7 14. Qg3 Ne8 15. Bxe7 Qxe7 16. Ne4 Nxb3 17. axb3 Nf6 18. Nxf6+ Qxf6 19. Nd7 Qxb2 20. Nxf8 Rxf8 21. Qc7 Bd5 22. Qxc5 Bb7 23. Qc7 Bc8 24. Rab1 Qd4 25. Qe5 Qd7 26. Re3 Bb7 27. Rbe1 Rc8 28. c4 bxc4 29. dxc4 Qe7 30. Rd1 Rc7 31. Red3 f6 32. Rd8+ 1-0

[Event "4NCL Online Division 4"]
[Site "online"]
[Date "2021.10.05"]
[EventDate "2021.10.05"]
[Round "4.92"]
[White "Vadalia, Jainill"]
[WhiteElo "1140"]
[WhiteTeam "Phones Pals B"]
[Black "Williams, Luke"]
[BlackElo "1658"]
[BlackTeam "Morriston Benko"]
[Result "0-1"]
[PlyCount "140"]

1. d4 Nf6 2. c4 e6 3. Nf3 Bb4+ 4. Bd2 Bxd2+ 5. Qxd2 O-O 6. Nc3 d5 7. e3 Nc6 8. cxd5 exd5 9. Bd3 Bg4 10. h3 Bxf3 11. gxf3 Ne7 12. Rg1 Qd7 13. h4 Qh3 14. Rg3 Qh1+ 15. Bf1 Qxh4 16. O-O-O Ng6 17. Bd3 a6 18. Rdg1 c6 19. f4 Nh5 20. Rg4 Qf6 21. f5 Ne7 22. Rg5 Qh6 23. e4 Kh8 24. e5 f6 25. exf6 gxf6 26. Rg8+ Rxg8 27. Qxh6 Rxg1+ 28. Kd2 Rh1 29. Be2 Nxf5 30. Qxh5 Rxh5 31. Bxh5 Nxd4 32. Na4 Kg7 33. Nc5 f5 34. Kd3 Nb5 35. Nxb7 Rb8 36. Nc5 Nd6 37. b3 a5 38. Nd7 Rb4 39. Ne5 Rh4 40. Be2 c5 41. Bf3 Rd4+ 42. Ke2 Ne4 43. Nc6 Rd2+ 44. Ke1 Rxa2 45. Ne7 Ra1+ 46. Ke2 Nc3+ 47. Kd3 Kf6 48. Ng8+ Kg7 49. Ne7 Kf6 50. Ng8+ Kf7 51. Nh6+ Kg6 52. Nxf5 Kxf5 53. Kxc3 d4+ 54. Kc4 Rc1+ 55. Kb5 d3 56. Kxa5 d2 57. Kb5 d1=Q 58. Bxd1 Rxd1 59. Kxc5 Ke5 60. b4 Rc1+ 61. Kb6 Kd6 62. f4 Rc4 63. b5 Rxf4 64. Kb7 Kc5 65. b6 Rf6 66. Ka7 Rxb6 67. Ka8 Kc6 68. Ka7 Rb1 69. Ka8 Kc7 70. Ka7 Ra1# 0-1

[Event "4NCL Online Division 4"]
[Site "online"]
[Date "2021.10.05"]
[EventDate "2021.10.05"]
[Round "4.93"]
[White "Salisbury, Philip"]
[WhiteElo "1485"]
[WhiteTeam "Morriston Benko"]
[Black "Lukhi, Neev"]
[BlackElo "970"]
[BlackTeam "Phones Pals B"]
[Result "1-0"]
[PlyCount "73"]

1. d4 Nf6 2. Nc3 d5 3. f3 e6 4. e4 dxe4 5. fxe4 Bb4 6. Qd3 O-O 7. Bg5 h6 8. Bh4 Be7 9. Nf3 b6 10. e5 Nd5 11. g3 Ba6 12. Qd2 Bxh4 13. gxh4 Bxf1 14. Rxf1 Ne7 15. O-O-O Nf5 16. Rg1 Na6 17. d5 exd5 18. Qd3 Nxh4 19. Nxh4 Qxh4 20. Qxa6 Qf4+ 21. Kb1 Qxe5 22. Nxd5 Rfd8 23. Nc3 Rxd1+ 24. Rxd1 Qxh2 25. Qb7 Re8 26. Qd5 Qd6 27. Qf3 Qe7 28. a3 Rd8 29. Rg1 Rd6 30. Nd5 Qd8 31. Nf4 Qf6 32. Qe4 Rd4 33. Qe8+ Kh7 34. Nh5 Rd8 35. Nxf6+ gxf6 36. Qxf7+ Kh8 37. Qg7# 1-0

[Event "4NCL Online Division 4"]
[Site "online"]
[Date "2021.10.05"]
[EventDate "2021.10.05"]
[Round "4.94"]
[White "Benson, Alice"]
[WhiteElo "740"]
[WhiteTeam "Phones Pals B"]
[Black "Giannini, John"]
[BlackElo "850"]
[BlackTeam "Morriston Benko"]
[Result "1-0"]
[PlyCount "101"]

1. e4 e5 2. Nf3 Nc6 3. Bc4 Qe7 4. O-O Nf6 5. d3 h6 6. Be3 d6 7. c3 Be6 8. Nbd2 O-O-O 9. Bb5 Bd7 10. a4 a6 11. Nc4 Ng4 12. Bxc6 Bxc6 13. b4 Nxe3 14. fxe3 f6 15. Qb3 d5 16. exd5 Bxd5 17. e4 Bg8 18. b5 Rxd3 19. bxa6 Qe6 20. Qxb7+ Kd7 21. a7 Bc5+ 22. Kh1 Bxa7 23. Ncxe5+ fxe5 24. Qb5+ Qc6 25. Qxd3+ Qd6 26. Qb5+ c6 27. Qb7+ Qc7 28. Rad1+ Bd5 29. Qxc7+ Kxc7 30. exd5 Rd8 31. dxc6 Rxd1 32. Rxd1 Kxc6 33. Nxe5+ Kc5 34. Rd7 Bb6 35. Rxg7 Kd5 36. Rg6 Kxe5 37. Rxb6 h5 38. a5 Ke4 39. a6 h4 40. a7 h3 41. a8=Q+ Kd3 42. Qf3+ Kc2 43. Qe2+ Kxc3 44. Qb5 hxg2+ 45. Kxg2 Kd2 46. Rc6 Ke3 47. Rc4 Ke2 48. Rc3+ Ke1 49. Qb3 Ke2 50. Rc2+ Ke1 51. Qb1# 1-0

[Event "4NCL Online Division 4"]
[Site "online"]
[Date "2021.10.05"]
[EventDate "2021.10.05"]
[Round "4.101"]
[White "Pope, Martin"]
[WhiteElo "1658"]
[WhiteTeam "Cornish Pirates"]
[Black "Hasan, Abu"]
[BlackElo "1402"]
[BlackTeam "Uxbridge Destroyers"]
[Result "1-0"]
[PlyCount "87"]

1. d4 Nf6 2. Nf3 Nc6 3. d5 Nb4 4. c4 e6 5. a3 Na6 6. Nc3 Bc5 7. b4 Bd6 8. c5 Be7 9. d6 cxd6 10. cxd6 Bf8 11. e4 Qb6 12. e5 Nd5 13. Nxd5 exd5 14. Qxd5 Qc6 15. Qd3 b5 16. Bd2 Bb7 17. Rc1 Qe4+ 18. Qxe4 Bxe4 19. Bxb5 Bb7 20. Bxa6 Bxa6 21. Nd4 g6 22. b5 Bb7 23. O-O Bg7 24. f4 O-O 25. Rc7 Be4 26. Rxd7 g5 27. Re1 Bd5 28. f5 f6 29. e6 h5 30. Rc1 Rad8 31. Nc6 Bxe6 32. fxe6 Rxd7 33. exd7 f5 34. d8=Q Bd4+ 35. Nxd4 Rxd8 36. Nxf5 g4 37. Rc7 Kf8 38. Bg5 Re8 39. Be7+ Kg8 40. Rxa7 Kf7 41. Ng3 Kg6 42. b6 Rc8 43. Rc7 Ra8 44. d7 1-0

[Event "4NCL Online Division 4"]
[Site "online"]
[Date "2021.10.05"]
[EventDate "2021.10.05"]
[Round "4.102"]
[White "Tarigopula, Varish"]
[WhiteElo "1366"]
[WhiteTeam "Uxbridge Destroyers"]
[Black "Jiménez Patiño, Manuel David"]
[BlackElo "1620"]
[BlackTeam "Cornish Pirates"]
[Result "0-1"]
[PlyCount "66"]

1. e4 e6 2. d4 d5 3. e5 c5 4. c3 Nc6 5. Nf3 Qb6 6. Bd3 Bd7 7. Bc2 Nh6 8. O-O Nf5 9. Bxf5 exf5 10. Re1 cxd4 11. Nxd4 Nxd4 12. cxd4 Bb4 13. Nc3 Qa5 14. Bd2 O-O 15. a3 Be7 16. Qf3 Be6 17. Qg3 Kh8 18. Qd3 Qb6 19. b4 Rac8 20. Na4 Qc6 21. Nc3 Qc4 22. Qe3 Qc6 23. Rac1 Qd7 24. Qd3 a6 25. Ne2 b5 26. Nf4 Rc4 27. Rxc4 bxc4 28. Qc3 Rc8 29. Rc1 Qa4 30. Nxe6 fxe6 31. Qh3 g6 32. Rc3 Qd1+ 33. Be1 Qxe1# 0-1

[Event "4NCL Online Division 4"]
[Site "online"]
[Date "2021.10.05"]
[EventDate "2021.10.05"]
[Round "4.103"]
[White "Macphail, Kieran"]
[WhiteElo "1675"]
[WhiteTeam "Cornish Pirates"]
[Black "Cepoi, Gesneria-Codruta"]
[BlackElo "1344"]
[BlackTeam "Uxbridge Destroyers"]
[Result "1-0"]
[PlyCount "49"]

1. e4 d6 2. d4 Nf6 3. Nc3 Bg4 4. f3 Bh5 5. Be3 Nc6 6. Qd2 e5 7. O-O-O Be7 8. g4 Bg6 9. h4 h6 10. h5 Bh7 11. Nh3 exd4 12. Bxd4 Nxd4 13. Qxd4 c5 14. Bb5+ Nd7 15. Qxg7 Bf6 16. Bxd7+ Kxd7 17. Qxf7+ Kc8 18. Qe6+ Kb8 19. Rxd6 Qe7 20. Qxf6 Qxf6 21. Rxf6 a6 22. Nd5 Ka7 23. Rd1 Bg8 24. Nhf4 Re8 25. a4 1-0

[Event "4NCL Online Division 4"]
[Site "online"]
[Date "2021.10.05"]
[EventDate "2021.10.05"]
[Round "4.111"]
[White "Morgan, Philip D"]
[WhiteElo "1786"]
[WhiteTeam "Ashfield Anonymous C"]
[Black "Kuzhelev, Timur"]
[BlackElo "2059"]
[BlackTeam "Battersea Juniors"]
[Result "1/2-1/2"]
[PlyCount "109"]

1. e4 c5 2. Nf3 Nc6 3. Bb5 g6 4. O-O Bg7 5. Bxc6 dxc6 6. d3 Nf6 7. Nc3 Nd7 8. d4 cxd4 9. Nxd4 Nb6 10. Nce2 O-O 11. h3 e5 12. Nf3 Qe7 13. c3 f5 14. exf5 gxf5 15. Bg5 Bf6 16. Bxf6 Rxf6 17. Kh2 e4 18. Nfd4 Qe5+ 19. g3 Rh6 20. Nf4 Nd5 21. Nde2 Rd6 22. Qd2 Be6 23. Rad1 Rad8 24. Nxd5 Bxd5 25. Qf4 Qxf4 26. Nxf4 Bc4 27. Rxd6 Rxd6 28. Ra1 Rd2 29. b3 Ba6 30. Kg1 Kf7 31. c4 b5 32. cxb5 Bxb5 33. a4 Bd3 34. Nxd3 exd3 35. Kf1 Rb2 36. Ke1 Rxb3 37. Kd2 Rb2+ 38. Kxd3 Rxf2 39. Ke3 Rc2 40. Rb1 Rc3+ 41. Kf4 Kf6 42. Rb7 Rc4+ 43. Kf3 Rxa4 44. Rxh7 c5 45. h4 c4 46. Rh6+ Ke5 47. Rc6 Ra3+ 48. Kf2 c3 49. h5 Ke4 50. h6 Ra2+ 51. Kg1 Ra1+ 52. Kg2 Ra2+ 53. Kg1 Ra1+ 54. Kg2 Ra2+ 55. Kg1 1/2-1/2

[Event "4NCL Online Division 4"]
[Site "online"]
[Date "2021.10.05"]
[EventDate "2021.10.05"]
[Round "4.112"]
[White "Dupuis, Denis K"]
[WhiteElo "1877"]
[WhiteTeam "Battersea Juniors"]
[Black "Pettinger, Martin"]
[BlackElo "1759"]
[BlackTeam "Ashfield Anonymous C"]
[Result "0-1"]
[PlyCount "128"]

1. e4 c5 2. Nc3 g6 3. f4 Bg7 4. Nf3 Nc6 5. Bc4 e6 6. O-O Nge7 7. Qe1 O-O 8. d3 d5 9. Bb3 Nd4 10. Nxd4 cxd4 11. Ne2 dxe4 12. dxe4 Nc6 13. Qg3 Na5 14. Bd2 Nxb3 15. axb3 Bd7 16. Qd3 Bc6 17. Ng3 a6 18. Qf3 Rc8 19. Rac1 f5 20. c3 fxe4 21. Nxe4 e5 22. Qd3 dxc3 23. Qxd8 Rcxd8 24. Bxc3 Bxe4 25. fxe5 Rxf1+ 26. Rxf1 Bc2 27. b4 Rd1 28. Rxd1 Bxd1 29. Kf2 Bb3 30. Ke3 Kf7 31. Kd4 Ke6 32. Kc5 Bd5 33. g3 Bxe5 34. Bxe5 Kxe5 35. b5 axb5 36. Kxb5 h5 37. b4 Kf5 38. Kc5 Bf3 39. Kd4 Kg4 40. Ke5 Kh3 41. Kf4 Bg4 42. Kg5 Bf5 43. Kf4 Kxh2 44. Kf3 Kg1 45. b5 b6 46. Ke3 Kg2 47. Kf4 Kf2 48. Ke5 Kxg3 49. Kd6 Bd3 50. Kc6 h4 51. Kxb6 h3 52. Kc6 Bxb5+ 53. Kxb5 h2 54. Kc6 h1=Q+ 55. Kd6 Qe4 56. Kc7 Kf4 57. Kb6 Ke5 58. Kc7 Qd4 59. Kb8 Qc4 60. Ka7 Kd6 61. Kb7 g5 62. Kb8 g4 63. Kb7 g3 64. Kb8 g2 0-1

[Event "4NCL Online Division 4"]
[Site "online"]
[Date "2021.10.05"]
[EventDate "2021.10.05"]
[Round "4.113"]
[White "Bentley, Alex"]
[WhiteElo "1726"]
[WhiteTeam "Ashfield Anonymous C"]
[Black "Ali, Shahvez"]
[BlackElo "1801"]
[BlackTeam "Battersea Juniors"]
[Result "1/2-1/2"]
[PlyCount "140"]

1. e4 e6 2. b3 d5 3. Bb2 dxe4 4. Nc3 Nf6 5. Qe2 Be7 6. O-O-O Nc6 7. Nxe4 O-O 8. d4 Qd5 9. f3 b6 10. Qb5 Nxe4 11. Qxd5 exd5 12. fxe4 dxe4 13. d5 Nb4 14. a3 Na6 15. b4 Nb8 16. Ne2 Nd7 17. Nd4 Bb7 18. Bc4 Ne5 19. Bb3 Rad8 20. Nf5 Bd6 21. Rhe1 Ng4 22. Bxg7 Rfe8 23. h3 Bf4+ 24. Kb1 Ne3 25. Nxe3 Bxe3 26. Bf6 Rd6 27. Bh4 Bh6 28. Bg3 e3 29. Bxd6 cxd6 30. Rd4 f5 31. g3 Kg7 32. c4 Bg5 33. Bc2 Bc8 34. h4 Bh6 35. Bd3 Re7 36. Kc2 Kg8 37. Be2 Bd7 38. Rg1 Rf7 39. Kd3 Kf8 40. Rf1 Ke7 41. g4 f4 42. g5 Bf5+ 43. Re4+ Bxe4+ 44. Kxe4 Bg7 45. Rxf4 Rxf4+ 46. Kxf4 Bb2 47. Kxe3 Bxa3 48. b5 Kf7 49. Bd3 Kg7 50. Ke4 Bb2 51. Kf5 Kf7 52. Kg4 Kg7 53. h5 Bc3 54. h6+ Kg8 55. Kf5 Kf7 56. Be2 Bd4 57. Bh5+ Kg8 58. Ke6 Bc5 59. Kd7 Bb4 60. Kc7 Bc5 61. Kb7 Kf8 62. Kxa7 Kg8 63. Kb7 Kf8 64. Kc7 Kg8 65. Kd7 Kf8 66. Kd8 Be3 67. g6 hxg6 68. Bxg6 Kg8 69. Kc7 Bc5 70. Kd7 Bb4 1/2-1/2

[Event "4NCL Online Division 4"]
[Site "online"]
[Date "2021.10.05"]
[EventDate "2021.10.05"]
[Round "4.114"]
[White "Steiners, Emils"]
[WhiteElo "1713"]
[WhiteTeam "Battersea Juniors"]
[Black "Wright, Nigel"]
[BlackElo "1679"]
[BlackTeam "Ashfield Anonymous C"]
[Result "1-0"]
[PlyCount "99"]

1. d4 d6 2. c4 Nf6 3. Nc3 c6 4. e4 Qa5 5. Bd2 Qc7 6. Rc1 e5 7. d5 Be7 8. Nf3 Bg4 9. Be2 Nbd7 10. b4 O-O 11. O-O h6 12. Be3 a6 13. Na4 Nxe4 14. h3 Bh5 15. c5 cxd5 16. Qxd5 Nef6 17. Qd2 dxc5 18. Nxc5 Nxc5 19. Bxc5 e4 20. Nd4 Bxe2 21. Qxe2 Rfe8 22. Rfd1 Rac8 23. Nf5 Bxc5 24. Rxc5 Qb8 25. Rxc8 Qxc8 26. Nd6 Qd7 27. Nxe8 Qxe8 28. Qd2 Qe6 29. Qc2 Qb6 30. Qc5 Qe6 31. Qc7 b5 32. Rd6 Qxa2 33. Qc8+ Kh7 34. Qf5+ Kh8 35. Rd8+ Ng8 36. Qxe4 Qa1+ 37. Kh2 Qf6 38. Rd2 Ne7 39. Rd8+ Ng8 40. Qd4 Qe7 41. Qd6 Qg5 42. Qb8 Qe7 43. Rxg8+ Kh7 44. Rh8+ Kg6 45. Qg3+ Kf6 46. Qh4+ g5 47. Rxh6+ Kg7 48. Rh7+ Kg6 49. Qh5+ Kf5 50. Rxf7+ 1-0

[Event "4NCL Online Division 4"]
[Site "online"]
[Date "2021.10.05"]
[EventDate "2021.10.05"]
[Round "4.121"]
[White "Penny, Liam"]
[WhiteElo "1731"]
[WhiteTeam "Shropshire and Friends 4"]
[Black "Cox, Lucian"]
[BlackElo "1362"]
[BlackTeam "MK Phoenix 3"]
[Result "1-0"]
[PlyCount "61"]

1. d4 Nf6 2. Nc3 g6 3. e4 d6 4. Be3 Bg7 5. Qd2 c6 6. f3 b5 7. Bh6 O-O 8. h4 a5 9. h5 c5 10. Bxg7 Kxg7 11. hxg6 fxg6 12. Qh6+ Kg8 13. e5 dxe5 14. dxe5 Rf7 15. exf6 exf6 16. Bxb5 Re7+ 17. Nge2 Ba6 18. Rd1 Qc7 19. Qh2 Qb6 20. a4 Qe6 21. Rd8+ Re8 22. Rxe8+ Qxe8 23. Bxe8 h5 24. Qc7 Bxe2 25. Kxe2 Na6 26. Qf7+ Kh8 27. Qxg6 Rxe8+ 28. Qxe8+ Kg7 29. Rxh5 Nc7 30. Qe7+ Kg6 31. Qh7# 1-0

[Event "4NCL Online Division 4"]
[Site "online"]
[Date "2021.10.05"]
[EventDate "2021.10.05"]
[Round "4.122"]
[White "Wayne, Steven"]
[WhiteElo "1189"]
[WhiteTeam "MK Phoenix 3"]
[Black "Wilkinson, James P"]
[BlackElo "1714"]
[BlackTeam "Shropshire and Friends 4"]
[Result "0-1"]
[PlyCount "52"]

1. d4 Nf6 2. c4 e6 3. g3 Bb4+ 4. Bd2 Bxd2+ 5. Nxd2 O-O 6. Ngf3 d6 7. Bg2 c5 8. O-O Nc6 9. dxc5 dxc5 10. e4 e5 11. h3 Be6 12. b3 Qd7 13. Ng5 Rad8 14. Nxe6 Qxe6 15. Qe2 Nd4 16. Qd1 Nc6 17. a3 Rd7 18. Ra2 Rfd8 19. f3 Nh5 20. g4 Nf4 21. Rf2 Qh6 22. Kh2 Nd3 23. Re2 Nd4 24. b4 Nxe2 25. Qxe2 Qf4+ 26. Kg1 Nc1 0-1

[Event "4NCL Online Division 4"]
[Site "online"]
[Date "2021.10.05"]
[EventDate "2021.10.05"]
[Round "4.123"]
[White "Hilditch-Love, Daniel"]
[WhiteElo "1704"]
[WhiteTeam "Shropshire and Friends 4"]
[Black "Tierney, John"]
[BlackElo "1167"]
[BlackTeam "MK Phoenix 3"]
[Result "1-0"]
[PlyCount "55"]

1. Nf3 d6 2. d4 Nf6 3. g3 Nc6 4. d5 Ne5 5. Nxe5 Bf5 6. Nf3 Be4 7. Nc3 Bxf3 8. exf3 Qd7 9. Bg2 e6 10. O-O exd5 11. Nxd5 Nxd5 12. Qxd5 c6 13. Re1+ Be7 14. Qe4 O-O-O 15. Qxe7 Rhe8 16. Qxd7+ Kxd7 17. Bh3+ Kc7 18. Be3 a5 19. Rad1 b5 20. Bf4 Rf8 21. Re7+ Kb8 22. Bxd6+ Ka8 23. Bf5 g6 24. Be4 Rc8 25. Bc5 Kb8 26. Rdd7 Ka8 27. Ra7+ Kb8 28. Reb7# 1-0

[Event "4NCL Online Division 4"]
[Site "online"]
[Date "2021.10.05"]
[EventDate "2021.10.05"]
[Round "4.124"]
[White "Cutler, Matthew"]
[WhiteElo "1029"]
[WhiteTeam "MK Phoenix 3"]
[Black "Nield, Robert C"]
[BlackElo "1700"]
[BlackTeam "Shropshire and Friends 4"]
[Result "0-1"]
[PlyCount "58"]

1. e4 e6 2. d4 d5 3. Nc3 Nf6 4. e5 Nfd7 5. f4 c5 6. Nf3 Be7 7. Be3 O-O 8. b3 b6 9. Bd3 Ba6 10. Qd2 Bxd3 11. Qxd3 Nc6 12. Ng5 Bxg5 13. fxg5 cxd4 14. Bxd4 Nxd4 15. Qxd4 Qxg5 16. O-O Qxe5 17. Qxe5 Nxe5 18. a4 a6 19. Ne2 Rac8 20. c3 Rc7 21. Rac1 Rfc8 22. Rc2 Nd3 23. Rf3 Ne1 24. Nd4 Nxc2 25. Nxc2 Rxc3 26. Rxc3 Rxc3 27. Nb4 a5 28. Na2 Rc2 29. b4 Rxa2 0-1

[Event "4NCL Online Division 4"]
[Site "online"]
[Date "2021.10.05"]
[EventDate "2021.10.05"]
[Round "4.131"]
[White "Pearce, Mark"]
[WhiteElo "1750"]
[WhiteTeam "Hackney Hungry"]
[Black "Lockett, Daniel"]
[BlackElo "1694"]
[BlackTeam "Shropshire and Friends 5"]
[Result "1-0"]
[PlyCount "57"]

1. e4 d5 2. exd5 Qxd5 3. Nc3 Qd6 4. d4 g6 5. Nf3 Bg7 6. Bc4 Nf6 7. O-O O-O 8. Re1 a6 9. Ne5 Nc6 10. Nxc6 Qxc6 11. Bb3 e6 12. Bg5 Qd6 13. Qf3 Qxd4 14. h3 Nd5 15. Bxd5 exd5 16. Rad1 Qb4 17. Nxd5 Qxb2 18. Nxc7 Rb8 19. Ne8 Bf5 20. Nxg7 Kxg7 21. Qe3 Kg8 22. Bh6 Rfc8 23. Qe7 Be6 24. Rxe6 fxe6 25. Qxe6+ Kh8 26. Rd7 Re8 27. Qf7 Re1+ 28. Kh2 Qe5+ 29. Bf4 1-0

[Event "4NCL Online Division 4"]
[Site "online"]
[Date "2021.10.05"]
[EventDate "2021.10.05"]
[Round "4.132"]
[White "Bailey, Adrian"]
[WhiteElo "1678"]
[WhiteTeam "Shropshire and Friends 5"]
[Black "Caceres de la Calle, Eduardo"]
[BlackElo "1687"]
[BlackTeam "Hackney Hungry"]
[Result "0-1"]
[PlyCount "72"]

1. d4 d5 2. c4 c6 3. Nc3 Nf6 4. Nf3 e6 5. Bg5 h6 6. Bh4 dxc4 7. a4 Bb4 8. e3 b5 9. axb5 cxb5 10. Be2 Bb7 11. O-O a6 12. Ne5 g5 13. Bg3 h5 14. h3 Nbd7 15. Bf3 Qb6 16. Nxd7 Kxd7 17. d5 Bxc3 18. dxe6+ Kxe6 19. bxc3 Rad8 20. Qc2 Bxf3 21. gxf3 Rd3 22. Rfd1 Rhd8 23. Rxd3 Rxd3 24. e4 Rxf3 25. Kg2 Rd3 26. e5 Ne4 27. Qe2 Qc6 28. Kh2 Nxg3 29. fxg3 Rxc3 30. Rf1 Qc5 31. Rf6+ Ke7 32. Qd2 Qxe5 33. Rxf7+ Kxf7 34. Qf2+ Kg6 35. Qb6+ Qf6 36. Qc5 Rc2+ 0-1

[Event "4NCL Online Division 4"]
[Site "online"]
[Date "2021.10.05"]
[EventDate "2021.10.05"]
[Round "4.133"]
[White "Burgoyne, Peter A"]
[WhiteElo "1665"]
[WhiteTeam "Hackney Hungry"]
[Black "Cox, Paul"]
[BlackElo "1659"]
[BlackTeam "Shropshire and Friends 5"]
[Result "0-1"]
[PlyCount "114"]

1. e4 e5 2. Nf3 Nc6 3. d4 exd4 4. Bc4 Bc5 5. c3 Nf6 6. e5 Ne4 7. cxd4 d5 8. dxc5 dxc4 9. Qxd8+ Nxd8 10. O-O Nxc5 11. Nc3 O-O 12. Nd5 Nde6 13. Be3 Nd3 14. b3 cxb3 15. axb3 Rd8 16. Ne7+ Kf8 17. Nxc8 Rdxc8 18. Rfd1 Rd8 19. Rd2 Nb4 20. Rad1 Rxd2 21. Rxd2 Nc6 22. h3 Rd8 23. Rc2 Ke7 24. Ng5 h6 25. Nxe6 Kxe6 26. f4 a6 27. Kf2 Rd7 28. Bc5 h5 29. Ke3 f6 30. exf6 gxf6 31. g4 hxg4 32. hxg4 Rh7 33. Ke4 Rh4 34. f5+ Kf7 35. Kf4 Ne5 36. Rg2 Nd3+ 37. Kg3 Rh1 38. Bd4 Rb1 39. Rh2 c5 40. Bf2 Nxf2 41. Rxf2 Rxb3+ 42. Kf4 a5 43. Rd2 Rb4+ 44. Kf3 a4 45. Rd7+ Ke8 46. Rc7 c4 47. Ke4 b5 48. Kd5 a3 49. Ke6 Kd8 50. Rd7+ Kc8 51. g5 fxg5 52. f6 c3 53. Ra7 c2 54. f7 Rf4 55. Ra8+ Kb7 56. Rxa3 c1=Q 57. f8=Q Rxf8 0-1

[Event "4NCL Online Division 4"]
[Site "online"]
[Date "2021.10.05"]
[EventDate "2021.10.05"]
[Round "4.134"]
[White "Love, Phil"]
[WhiteElo "1599"]
[WhiteTeam "Shropshire and Friends 5"]
[Black "Cairns, Oliver"]
[BlackElo "1700"]
[BlackTeam "Hackney Hungry"]
[Result "1-0"]
[PlyCount "73"]

1. e4 c5 2. Nc3 Nc6 3. Bb5 g6 4. Bxc6 bxc6 5. Nf3 Bg7 6. d3 e6 7. Be3 d6 8. e5 dxe5 9. Bxc5 Ne7 10. O-O O-O 11. Re1 f6 12. Ne4 Kh8 13. c3 Rg8 14. Nd6 Qf8 15. Qa4 Bd7 16. d4 exd4 17. Nxd4 e5 18. Qb3 Nd5 19. Qb7 Rd8 20. Nxc6 Be6 21. Nxd8 Qxd8 22. Rad1 Qc7 23. Qxa7 Qc6 24. c4 Nf4 25. f3 h5 26. b4 Ra8 27. Qe7 Rxa2 28. Ne8 Rxg2+ 29. Kh1 Bh6 30. Qxf6+ Kg8 31. Rd8 Rg1+ 32. Kxg1 Nh3+ 33. Kg2 Nf4+ 34. Kg3 h4+ 35. Kf2 Nd3+ 36. Rxd3 Qxe8 37. Rd8 1-0

[Event "4NCL Online Division 4"]
[Site "online"]
[Date "2021.10.05"]
[EventDate "2021.10.05"]
[Round "4.141"]
[White "Angelopoulos, Andreas"]
[WhiteElo "1477"]
[WhiteTeam "Barnet Knights C"]
[Black "Bentley, John L"]
[BlackElo "2146"]
[BlackTeam "Ashton"]
[Result "0-1"]
[PlyCount "62"]

1. d4 Nf6 2. c4 g6 3. Nc3 Bg7 4. e4 d6 5. Nge2 a6 6. Ng3 Nbd7 7. Be2 c5 8. d5 b5 9. cxb5 h5 10. h4 Ng4 11. bxa6 Bxa6 12. Bxa6 Rxa6 13. Qe2 Qb6 14. f3 Nge5 15. Be3 O-O 16. O-O Bf6 17. Nh1 Bxh4 18. Nf2 Raa8 19. f4 Bxf2+ 20. Bxf2 Ng4 21. b3 Nxf2 22. Qxf2 Nf6 23. Qe2 c4+ 24. Qf2 Qxf2+ 25. Kxf2 cxb3 26. axb3 Rac8 27. Rfc1 Rxc3 28. Rxc3 Nxe4+ 29. Kf3 Nxc3 30. Ra5 Rb8 31. Ra6 Rxb3 0-1

[Event "4NCL Online Division 4"]
[Site "online"]
[Date "2021.10.05"]
[EventDate "2021.10.05"]
[Round "4.142"]
[White "McBeath, Joel"]
[WhiteElo "1686"]
[WhiteTeam "Ashton"]
[Black "Zholnin, Ivan"]
[BlackElo "1265"]
[BlackTeam "Barnet Knights C"]
[Result "1-0"]
[PlyCount "59"]

1. e4 e5 2. Nf3 Nc6 3. d4 exd4 4. Nxd4 Nxd4 5. Qxd4 c5 6. Qe5+ Ne7 7. Bc4 d6 8. Qf4 d5 9. exd5 Nxd5 10. Bxd5 Qxd5 11. O-O Bd6 12. Re1+ Be6 13. Qa4+ Kf8 14. Nc3 Qh5 15. Bf4 Bxf4 16. Qxf4 Rc8 17. Rxe6 c4 18. Rae1 f6 19. Qd6+ Kg8 20. Nd5 h6 21. Ne7+ Kh7 22. Nxc8 Rxc8 23. Qd7 Rg8 24. Rxf6 Kh8 25. Rfe6 Kh7 26. R6e5 Qh4 27. Qf5+ g6 28. Re7+ Rg7 29. Rxg7+ Kxg7 30. Qd7+ 1-0